Orange PCS v Bradford (VO) (Record no. 74231)

MARC details
000 -LEADER
fixed length control field 02154cab a2200289 4500
001 - CONTROL NUMBER
control field ABS67570
008 - FIXED-LENGTH DATA ELEMENTS--GENERAL INFORMATION
fixed length control field 040304n2004 000 0 eng u
035 ## - SYSTEM CONTROL NUMBER
System control number (Sirsi) u125324
245 ## - TITLE STATEMENT
Title Orange PCS v Bradford (VO)
260 ## - PUBLICATION, DISTRIBUTION, ETC.
Date of publication, distribution, etc. 2004
520 ## - SUMMARY, ETC.
Summary, etc. [2004] EWCA Civ 155, 17 February 2004. The CA has provided new legal guidelines on assessing the rateable value of mobile phone mast sites. The Court dismissed a challenge by mobile phone company Orange PCS to LT decision (RA/53/2001 Abs66933) assessing the rateable value of a small site within the limits of a public highway at Worksop, at £1 100. Orange had argued that in reaching that assessment, the LT had ignored the provisions of the Telecommunications Act 1984 Sched 2. Orange contended that no value should be given to the land because under the Telecommunications Code (contained in Sched 2 of the Act) it was entitled to free occupation of the site. The LT found that just because the Code did not provide for payment for the occupation of the land did not mean that such occupation had no value in terms of the rating hypothesis as set out in the Local Government Finance Act 1988 Sched 6 para 2(1). Orange appealed. "Held" the appeal was dismissed. A telecommunications operators' statutory right to occupy land within the limits of a public highway free of charge was not to be taken into account when assessing the rateable value of such land. View judgment at www.courtservice.gov.uk.
590 ## - LOCAL NOTE (RLIN)
Local note ABS
650 ## - SUBJECT ADDED ENTRY--TOPICAL TERM
Topical term or geographic name entry element ORANGE PCS LTD V BRADFORD (VO)
650 ## - SUBJECT ADDED ENTRY--TOPICAL TERM
Topical term or geographic name entry element POPLAR ASSESSMENT COMMITTEE V ROBERTS
650 ## - SUBJECT ADDED ENTRY--TOPICAL TERM
Topical term or geographic name entry element TELECOMMUNICATIONS ACT 1984 SCHED 2
650 ## - SUBJECT ADDED ENTRY--TOPICAL TERM
Topical term or geographic name entry element TELECOMMUNICATIONS CODE
650 ## - SUBJECT ADDED ENTRY--TOPICAL TERM
Topical term or geographic name entry element RATEABLE VALUE
650 ## - SUBJECT ADDED ENTRY--TOPICAL TERM
Topical term or geographic name entry element RATING ASSESSMENTS
650 ## - SUBJECT ADDED ENTRY--TOPICAL TERM
Topical term or geographic name entry element LOCAL GOVERNMENT FINANCE ACT 1988 SCHED 6 PARA 2(1)
650 ## - SUBJECT ADDED ENTRY--TOPICAL TERM
Topical term or geographic name entry element TELECOMMUNICATIONS MASTS
650 ## - SUBJECT ADDED ENTRY--TOPICAL TERM
Topical term or geographic name entry element HEREDITAMENTS
650 ## - SUBJECT ADDED ENTRY--TOPICAL TERM
Topical term or geographic name entry element TELECOMS COMPANIES
650 ## - SUBJECT ADDED ENTRY--TOPICAL TERM
Topical term or geographic name entry element TELECOMMUNICATIONS SITES
690 ## - LOCAL SUBJECT ADDED ENTRY--TOPICAL TERM (OCLC, RLIN)
Topical term or geographic name as entry element PROPERTY-PROPERTY APPRAISAL AND VALUATION
856 ## - ELECTRONIC LOCATION AND ACCESS
Uniform Resource Identifier <a href="https://www.courtservice.gov.uk/judgmentsfiles/j2294/orange-v-bradford.htm">https://www.courtservice.gov.uk/judgmentsfiles/j2294/orange-v-bradford.htm</a>
Public note View judgement on the Court Service website...
942 ## - ADDED ENTRY ELEMENTS (KOHA)
Suppress in OPAC 0
Holdings
Withdrawn status Lost status Source of classification or shelving scheme Damaged status Not for loan Home library Current library Shelving location Date acquired Total Checkouts Full call number Barcode Date last seen Copy number Price effective from Koha item type
    Dewey Decimal Classification     London London Journal article 04/03/2004   ABS67570 125324-1001 06/08/2019 1 06/08/2019 Law report
    Dewey Decimal Classification     Virtual Virtual Online 04/03/2004   ONLINE 125324-2001 06/08/2019 1 06/08/2019 Law report